| 000 | 003940000a22001330004500 | ||
|---|---|---|---|
| 082 | 0 | 4 | _aR 220.44 W4221m |
| 100 | 1 | _aWeil, Gérard E. | |
| 245 | 1 | 0 | _aMassorah Gedolah: Iuxta codicem leningradensem B 19a / Gérard E. Weil, Editor |
| 260 | _aRoma, Piazza Della Pilotta : Pontificium Institutum Biblicum | ||
| 300 | _a531 Pag. | ||
| 650 | 1 | 4 | _aHEBREO - ALFABETO \ MASORA |
| 001 | 78 | ||
| 942 | _cBK | ||
| 999 |
_c31629 _d31629 |
||